00530nam a2200193Ia 450000500170000000800410001702000180005804100120007608200160008810000180010424500470012225000120016926000410018130000200022265000220024265000260026465000190029065000270030920260429111927.0260429s9999||||xx |||||||||||||| ||und|| a9788196699222 aEnglish a949.61bDWI aDwight, H.G.  0aConstantinople old and new / cH.G. Dwight a1st ed. aChennai : bT R Publications,c2024. axxi, 567 p.; hb a Byzantine Empire a Historical geography a Urban history aConstantinople-History